书目信息 |
| 题名: |
3ds max 7中文版应用100例
|
|
| 作者: | 颜峰 , 绍谦谦 , 许小荣 编著 | |
| 分册: | ||
| 出版信息: | 北京 电子工业出版社 2005.3 |
|
| 页数: | 418页 | |
| 开本: | 26cm | |
| 丛书名: | 应用实例系列 | |
| 单 册: | ||
| 中图分类: | TP391.41 | |
| 科图分类: | ||
| 主题词: | 三维--san wei--动画--图形软件 , 三维--san wei , 动画--dong hua , 图形软件--tu xing ruan jian | |
| 电子资源: | ||
| ISBN: | 7-121-00974-9 | |
| 000 | 01286cam2 2200349 450 | |
| 001 | 012006033920 | |
| 005 | 20060329101010.1 | |
| 010 | @a7-121-00974-9@dCNY45.00(含光盘) | |
| 010 | @a7-89496-593-6@b光盘 | |
| 100 | @a20050716d2005 em y0chiy0121 ea | |
| 101 | 0 | @achi |
| 102 | @aCN@b110000 | |
| 105 | @af z 000yy | |
| 200 | 1 | @a3ds max 7中文版应用100例@A3ds max 7 zhong wen ban ying yong 100 li@f颜峰,绍谦谦,许小荣等编著 |
| 210 | @a北京@c电子工业出版社@d2005.3 | |
| 215 | @a418页@c图@d26cm@e光盘1片 | |
| 225 | 2 | @a应用实例系列@Aying yong shi li xi lie |
| 330 | @a本书通过100个经典实例,全面讲述了使用3ds max 7中文版进行三维模型与动画效果的制作及操作过程,内容涉及基础建模、模型的修改编辑、高级建模、材质与贴图、粒子系统与空间扭曲、环境控制、动画制作与后期处理等。 | |
| 333 | @a阅读对象:3ds max 7中、高级用户等 | |
| 461 | 0 | @12001 @a应用实例系列 |
| 606 | 0 | @a三维@Asan wei@x动画@x图形软件 |
| 606 | 0 | @a三维@Asan wei |
| 606 | 0 | @a动画@Adong hua |
| 606 | 0 | @a图形软件@Atu xing ruan jian |
| 610 | 0 | @a3ds max 7 |
| 690 | @aTP391.41@v4 | |
| 701 | 0 | @a颜峰@Ayan feng@4编著 |
| 701 | 0 | @a绍谦谦@Ashao qian qian@4编著 |
| 701 | 0 | @a许小荣@Axu xiao rong@4编著 |
| 801 | 0 | @aCN@bSRXX@c20050617 |
| 801 | 2 | @aCN@bSRXX@c20060329 |
| 905 | @a10447@dTP391.41@eY103 | |
| 3ds max 7中文版应用100例/颜峰,绍谦谦,许小荣等编著.-北京:电子工业出版社,2005.3 |
| 418页:图;26cm+光盘1片.-(应用实例系列) |
| 使用对象:阅读对象:3ds max 7中、高级用户等 |
| ISBN 7-121-00974-9:CNY45.00(含光盘) |
| 本书通过100个经典实例,全面讲述了使用3ds max 7中文版进行三维模型与动画效果的制作及操作过程,内容涉及基础建模、模型的修改编辑、高级建模、材质与贴图、粒子系统与空间扭曲、环境控制、动画制作与后期处理等。 |
| ● |
| 相关链接 |
|
|
|
正题名:3ds max 7中文版应用100例
索取号:TP391.41/Y103
 
预约/预借
| 序号 | 登录号 | 条形码 | 馆藏地/架位号 | 状态 | 备注 |
| 1 | 549023 | 205490235 | 自科二线404/404自科库 15排2列6层/ [索取号:TP391.41/Y103] | 在馆 | |
| 2 | 549024 | 205490244 | 自科库301/301自科库 98排2列5层/ [索取号:TP391.41/Y103] | 在馆 | |
| 3 | 549025 | 205490253 | 期刊室512/301自科库 65排5列3层/ [索取号:TP391.41/Y103] | 在馆 |